| 000 | 00433nam a2200157Ia 4500 | ||
|---|---|---|---|
| 003 | OSt | ||
| 005 | 20230602113028.0 | ||
| 008 | 211028s2012 xx 000 0 und d | ||
| 040 | _cAIMIT LIBRARY | ||
| 041 | _aeng | ||
| 100 |
_aTony, K S; Lasrado, Suman A. _98402 _e101940 |
||
| 110 |
_aSuman A Lasrado _98403 |
||
| 245 | _aWorkshop attendance collector: inclusion of admin module. | ||
| 260 |
_aMangalore _c2012 |
||
| 942 |
_2ddc _cPRO |
||
| 999 |
_c219870 _d219870 |
||